|
|
|
|
| LEADER |
00000nas a2200000 i 4500 |
| 001 |
ssj0001507015 |
| 003 |
WaSeSS |
| 005 |
20200512172242.0 |
| 006 |
m d |
| 007 |
cr n |
| 008 |
150504c20uu9999njufr p|s|||||| |0eng d |
| 035 |
|
|
|a (WaSeSS)ssj0001507015
|
| 040 |
|
|
|a WaSeSS
|b eng
|c WaSeSS
|d WaSeSS
|
| 050 |
|
4 |
|a QD79.C4
|
| 245 |
0 |
0 |
|a Chromatography techniques
|h [electronic resource].
|
| 260 |
|
|
|a Rockaway, New Jersey :
|b Advantage Business Media
|
| 310 |
|
|
|a Semiannual
|
| 506 |
|
|
|a License restrictions may limit access.
|
| 588 |
|
|
|a Description based on: September 4, 2014; title from title screen (ProQuest, viewed May 4, 2015).
|
| 588 |
|
|
|a Latest issue consulted: February 20, 2015 (viewed May 4, 2015).
|
| 650 |
|
0 |
|a Chromatographic analysis
|v Periodicals.
|
| 655 |
|
0 |
|a Electronic journals.
|
| 856 |
4 |
0 |
|z Full text available from Research Library: 09/04/2014 to 10/07/2015
|u https://search.proquest.com/publication/2032040
|